00514nam a2200169 a 4500020001500000040000800015082002600023245006000049250001200109260004100121300004100162500005000203650001800253650001800271700002400289710003100313 a0697291588 cDLC00a540 BRO 1997 A032 Or.00aChemistry in context :bapplying chemistry to society / a2nd ed. aDubuque, IA :bWm. C. Brown,cc1997. axviii, 502 p. :bcol. ill. ;c28 cm. a"A project of the American Chemical Society." 0aBiochemistry. 0aGeochemistry.1 aSchwartz, A. Truman2 aAmerican Chemical Society.